000 00482nam a22001577a 4500
003 SISC
005 20170711150142.0
008 170711b xxu||||| |||| 00| 0 eng d
050 _aBX 1996.A
_b.P963 1990
245 _aThe proclaimers /
_cArchdiocesan Liturgical Commission.
260 _aManila :
_bArchdiocesan Liturgical Commission,
_c1990.
300 _a91 pages ;
_c22.5 cm.
500 _aIncludes bibliographical references.
650 _aChurch etiquette.
942 _2lcc
_cBK
999 _c340265
_d340265